Hỏi-đáp về thị trường chứng khoán

Sách cung cấp kiến thức về tất cả mọi vấn đề liên quan đến thị trường chứng khoán từ hoạt động mua bán đến thủ tục phát hành chứng khoán, cổ phần, trái phiếu; từ công ty môi giới và đầu tư đến các hợp đồng chứng khoán cùng chỉ so...

תיאור מלא

שמור ב:
מידע ביבליוגרפי
מחבר ראשי: Đặng, Quang Gia
פורמט: ספר
שפה:Undetermined
יצא לאור: Hà Nội Thống Kê 2000
נושאים:
תגים: הוספת תג
אין תגיות, היה/י הראשונ/ה לתייג את הרשומה!
Thư viện lưu trữ: Trung tâm Học liệu Trường Đại học Cần Thơ
LEADER 00978nam a2200205Ia 4500
001 CTU_38304
008 210402s9999 xx 000 0 und d
020 |c 54000 
082 |a 332.642 
082 |b Gi100 
100 |a Đặng, Quang Gia 
245 0 |a Hỏi-đáp về thị trường chứng khoán 
245 0 |c Đặng Quang Gia 
260 |a Hà Nội 
260 |b Thống Kê 
260 |c 2000 
520 |a Sách cung cấp kiến thức về tất cả mọi vấn đề liên quan đến thị trường chứng khoán từ hoạt động mua bán đến thủ tục phát hành chứng khoán, cổ phần, trái phiếu; từ công ty môi giới và đầu tư đến các hợp đồng chứng khoán cùng chỉ số và tỷ lệ chứng khoán. 
650 |a Stock exchanges 
904 |i QHieu (sửa) 
980 |a Trung tâm Học liệu Trường Đại học Cần Thơ